00396nam a2200157Ia 4500008004100000020001500041041001200056082001600068100001500084245007200099250000800171260002500179300000800204650000800212700001800220221030s9999 xx 000 0 und d a0074624989 aEnglish a105.23bZba aP. B. Zbar 0aBasic Electronics : A Text Lab Manualcby P. B. Zbar, A. P. Malvino a7th bTMHaNew Delhic2002 a381 aECE aA. P. Malvino